000
00272nam a2200133Ia 4500
008
231017s9999 xx 000 0 und d
082
_a
658.054
082
_b
CAM
245
0
_a
Tempro planning data
245
0
_c
WSP
260
_b
WSP
300
_c
30cm
942
_c
REP
999
_c
606643
_d
606643